Movilización social para el cambio

محفوظ في:
التفاصيل البيبلوغرافية
المؤلف الرئيسي: Germani, Gino
التنسيق: نص
منشور في: s.l.: s.e
الوسوم: إضافة وسم
لا توجد وسوم, كن أول من يضع وسما على هذه التسجيلة!

MARC

LEADER 00000 a a2200000 04500
001 22689
003
040
090 |a 155600  
100 |a Germani, Gino  
245 |a Movilización social para el cambio  
260 |a s.l.:   |b s.e  
300 |a s.p.  
999 |c 14681  |d 14681